Importance of CIS countries to the development of foreign trade relations of Slovakia

CIS - Spoločenstvo nezávislých štátov. Priebeh integrácie krajín CIS. Analýza zahraničného obchodu Slovenska do EÚ. Vývoj objemu zahraničného obchodu SR - krajiny CIS. Štruktúra komodít obchodu.

Gespeichert in:
Bibliographische Detailangaben
1. Verfasser: Kašťáková, Elena, 1974-
Weitere Verfasser: Ružeková, Viera, 1957-, Žatko, Matúš, 1991-
Format: Buchkapitel
Sprache:Englisch
Schlagworte:
Tags: Tag hinzufügen
Keine Tags, Fügen Sie das erste Tag hinzu!

MARC

LEADER 00000naa a2200000 4500
001 0220419
005 20240531125711.0
041 0 |a eng 
044 |a SK 
245 1 0 |a Importance of CIS countries to the development of foreign trade relations of Slovakia  |c Elena Kašťáková, Viera Ružeková, Matúš Žatko 
520 |a CIS - Spoločenstvo nezávislých štátov. Priebeh integrácie krajín CIS. Analýza zahraničného obchodu Slovenska do EÚ. Vývoj objemu zahraničného obchodu SR - krajiny CIS. Štruktúra komodít obchodu. 
610 2 0 |a Spoločenstvo nezávislých štátov 
610 2 0 |a obchod zahraničný 
610 2 0 |a trh zahraničný 
610 2 0 |a Slovensko 
100 1 |a Kašťáková, Elena, 1974- 
700 1 |a Ružeková, Viera, 1957- 
700 1 |a Žatko, Matúš, 1991-